000 00280nam a22001337a 4500
020 _a978-81-86530-56-6
041 _aENG
100 _akeshav K
245 _aZenduhi Phuhe
260 _aMumbai
_bParchur Prakshan
_c2005
300 _a257
650 _aMarati
856 _uMarati
999 _c2593
_d2593